The end of the AGA saga? (Record no. 83637)
[ view plain ]
| 000 -LEADER | |
|---|---|
| fixed length control field | 01589cab a22002535a 4500 |
| 001 - CONTROL NUMBER | |
| control field | L154469 |
| 008 - FIXED-LENGTH DATA ELEMENTS--GENERAL INFORMATION | |
| fixed length control field | 131211s2011 xxk 000 0 eng d |
| 035 ## - SYSTEM CONTROL NUMBER | |
| System control number | (Sirsi) u154469 |
| 041 0# - LANGUAGE CODE | |
| Language code of text/sound track or separate title | eng |
| 100 1# - MAIN ENTRY--PERSONAL NAME | |
| Personal name | Gilbert, Dellah |
| 245 04 - TITLE STATEMENT | |
| Title | The end of the AGA saga? |
| 260 ## - PUBLICATION, DISTRIBUTION, ETC. | |
| Date of publication, distribution, etc. | 2011 |
| 490 #0 - SERIES STATEMENT | |
| Series statement | Hogan Lovells Real Estate Quarterly |
| Volume/sequential designation | Autumn 2011, 2-3(2) |
| 520 ## - SUMMARY, ETC. | |
| Summary, etc. | A recent Court of Appeal decision, "K/S Victoria Street v House of Fraser (Stores Management) Ltd" ([2011] EWCA Civ 904), clarifies for landlords, tenants and their guarantors the vexed issue of authorised guarantee agreements (AGAs) under the Landlord and Tenant (Covenants) Act 1995. It has thrown light on the the interpretation of S25 of the 1995 Act in relation to AGAs. After the above decision intra-group assignment is once again a prospect for group company tenants. Despite this, landlords are better off, now being able to demand the giving of sub-guarantees if they wish or alternatively demanding a direct guarantee for a proposed assignee. |
| 590 ## - LOCAL NOTE (RLIN) | |
| Local note | KA |
| 650 24 - SUBJECT ADDED ENTRY--TOPICAL TERM | |
| Topical term or geographic name entry element | K/S VICTORIA STREET V HOUSE OF FRASER (STORES MANAGEMENT) LTD |
| 650 24 - SUBJECT ADDED ENTRY--TOPICAL TERM | |
| Topical term or geographic name entry element | GOOD HARVEST PARTNERSHIP LLP V CENTAUR SERVICES LTD |
| 650 24 - SUBJECT ADDED ENTRY--TOPICAL TERM | |
| Topical term or geographic name entry element | LANDLORD AND TENANT (COVENANTS) ACT 1995 S25 |
| 650 24 - SUBJECT ADDED ENTRY--TOPICAL TERM | |
| Topical term or geographic name entry element | LANDLORD AND TENANT (COVENANTS) ACT 1995 S5(2)(a) |
| 650 24 - SUBJECT ADDED ENTRY--TOPICAL TERM | |
| Topical term or geographic name entry element | LANDLORD AND TENANT (COVENANTS) ACT 1995 S24(2) |
| 651 #4 - SUBJECT ADDED ENTRY--GEOGRAPHIC NAME | |
| Geographic name | England and Wales |
| Chronological subdivision | 1543- |
| 690 ## - LOCAL SUBJECT ADDED ENTRY--TOPICAL TERM (OCLC, RLIN) | |
| Topical term or geographic name as entry element | PROPERTY-COMMERCIAL PROPERTY-LEASEHOLD COMMERCIAL PROPERTY-COMMERCIAL LANDLORD AND TENANT-COMMERCIAL LEASES-ASSIGNMENT OF COMMERCIAL LEASES |
| 942 ## - ADDED ENTRY ELEMENTS (KOHA) | |
| Suppress in OPAC | 0 |
| Withdrawn status | Lost status | Source of classification or shelving scheme | Damaged status | Not for loan | Home library | Current library | Shelving location | Date acquired | Total Checkouts | Full call number | Barcode | Date last seen | Copy number | Price effective from | Koha item type |
|---|---|---|---|---|---|---|---|---|---|---|---|---|---|---|---|
| Dewey Decimal Classification | London | London | Journal article | 12/12/2011 | L154469 | 154469-1001 | 06/08/2019 | 1 | 06/08/2019 | Journal article |